[Event "Bayern-chTT (RL Nord-Ost)"]
[Site "Bayern 2008/09"]
[Date "2009.03.01"]
[Round "7.3"]
[White "Stiller, Juergen"]
[Black "Roeber, Juergen"]
[Result "1/2-1/2"]
[WhiteElo "2158"]
[BlackElo "2077"]
[PlyCount "60"]
[EventDate "2009.03.??"]
[EventType "team-tourn"]
[EventRounds "9"]
[WhiteTeam "Nürnberg-SW 1"]
[BlackTeam "Postbauer 1"]

1. Nf3 Nf6 2. d4 e6 3. Bg5 h6 4. Bh4 d5 5. e3 Be7 6. Nbd2 c5 7. c3 Nc6 8. Bd3
a6 9. O-O O-O 10. Qe2 Nd7 11. Bg3 f5 12. c4 cxd4 13. cxd5 exd5 14. Nxd4 Nc5 15.
N2f3 Ne4 16. Rac1 Nxd4 17. Nxd4 Qb6 18. Be5 Bf6 19. Bc7 Qa7 20. Rfd1 f4 21.
Bxe4 dxe4 22. Bxf4 Bxd4 23. Rxd4 Be6 24. Rxe4 Rac8 25. Rxc8 Rxc8 26. h3 Qb6 27.
a3 Bxh3 28. Rc4 Rxc4 29. Qxc4+ Be6 30. Qe4 Qc6 1/2-1/2

[Event "Bayern-chTT (RL Nord-Ost)"]
[Site "Bayern 2008/09"]
[Date "2009.03.01"]
[Round "7.4"]
[White "Fischer, Erich(41)"]
[Black "Eiber, Manfred"]
[Result "1/2-1/2"]
[WhiteElo "1933"]
[BlackElo "2122"]
[PlyCount "82"]
[EventDate "2009.03.??"]
[EventType "team-tourn"]
[EventRounds "9"]
[WhiteTeam "Postbauer 1"]
[BlackTeam "Nürnberg-SW 1"]

1. d4 Nf6 2. c4 g6 3. Nc3 Bg7 4. e4 d6 5. Bg5 O-O 6. Qd2 c6 7. Bd3 e5 8. d5
Nbd7 9. Rc1 Nc5 10. Bb1 a5 11. Nge2 Qc7 12. O-O Ne8 13. Be3 f5 14. f4 fxe4 15.
Bxc5 dxc5 16. Nxe4 Nd6 17. dxc6 Nxe4 18. Qd5+ Kh8 19. Bxe4 bxc6 20. Qxc6 Qxc6
21. Bxc6 Rb8 22. b3 Bg4 23. Rce1 Bxe2 24. Rxe2 exf4 25. Re4 Bd4+ 26. Kh1 Rbc8
27. Bb5 g5 28. Rfe1 Be3 29. g3 Rcd8 30. gxf4 gxf4 31. Rf1 Rg8 32. Bc6 Rd2 33.
Re7 Rg6 34. Re8+ Kg7 35. Re7+ Kh6 36. Be4 Rg7 37. Re6+ Kg5 38. Re5+ Kh4 39. Bf3
Rg5 40. Rxg5 Kxg5 41. Rd1 Rxd1+ 1/2-1/2

[Event "Bayern-chTT (RL Nord-Ost)"]
[Site "Bayern 2008/09"]
[Date "2009.03.01"]
[Round "7.5"]
[White "Bunk, Karsten"]
[Black "Hoffmann, Ayar"]
[Result "1-0"]
[WhiteElo "2010"]
[BlackElo "1872"]
[PlyCount "77"]
[EventDate "2009.03.??"]
[EventType "team-tourn"]
[EventRounds "9"]
[WhiteTeam "Nürnberg-SW 1"]
[BlackTeam "Postbauer 1"]

1. d4 d5 2. Nf3 g6 3. c4 c6 4. cxd5 Qxd5 5. Nc3 Qa5 6. e4 Bg7 7. Be2 Nf6 8. O-O
O-O 9. h3 Qd8 10. Qb3 e6 11. Be3 b6 12. a4 a5 13. Rfd1 Nbd7 14. Rac1 Bb7 15. e5
Nd5 16. Nxd5 exd5 17. Ng5 h6 18. Nf3 Rc8 19. Ne1 f5 20. Nd3 Ba6 21. Nf4 Bxe2
22. Nxe2 g5 23. Rxc6 Rxc6 24. Qxd5+ Kh8 25. Qxc6 Nxe5 26. Qc2 Nd7 27. d5 f4 28.
Bd4 Bxd4 29. Nxd4 Qf6 30. Ne6 Rf7 31. Re1 Qf5 32. Qc8+ Kh7 33. Qe8 Qf6 34. Nd8
Rg7 35. Re6 Qf8 36. Qxf8 Nxf8 37. Rxb6 Nd7 38. Rb5 g4 39. Ne6 1-0

[Event "Bayern-chTT (RL Nord-Ost)"]
[Site "Bayern 2008/09"]
[Date "2009.03.01"]
[Round "7.6"]
[White "Kordts, Florian"]
[Black "Meulner, Klaus"]
[Result "1/2-1/2"]
[WhiteElo "1876"]
[BlackElo "2069"]
[PlyCount "59"]
[EventDate "2009.03.??"]
[EventType "team-tourn"]
[EventRounds "9"]
[WhiteTeam "Postbauer 1"]
[BlackTeam "Nürnberg-SW 1"]

1. c4 e5 2. Nc3 Nf6 3. g3 c6 4. d3 d5 5. Bg5 d4 6. Bxf6 Qxf6 7. Ne4 Bb4+ 8. Nd2
a5 9. a3 Bxd2+ 10. Qxd2 a4 11. Qb4 Qe7 12. Bg2 Nd7 13. Qxe7+ Kxe7 14. Nf3 f6
15. Kd1 Nc5 16. Kc2 Bg4 17. Rhe1 Kd6 18. Nd2 Bf5 19. b4 axb3+ 20. Nxb3 Ra4 21.
Kb2 Re8 22. Nxc5 Kxc5 23. Kb3 Ra6 24. Reb1 e4 25. Bf1 Rea8 26. Kc2 b5 27. cxb5
cxb5 28. Kb2 Ra4 29. Rc1+ Kd6 30. Rcb1 1/2-1/2

[Event "Bayern-chTT (RL Nord-Ost)"]
[Site "Bayern 2008/09"]
[Date "2009.03.01"]
[Round "7.7"]
[White "Redzepovic, Irfan"]
[Black "Kendzia, Nikolai"]
[Result "0-1"]
[WhiteElo "2076"]
[BlackElo "1904"]
[PlyCount "82"]
[EventDate "2009.03.??"]
[EventType "team-tourn"]
[EventRounds "9"]
[WhiteTeam "Nürnberg-SW 1"]
[BlackTeam "Postbauer 1"]

1. d4 Nf6 2. c4 c5 3. Nf3 g6 4. g3 Bg7 5. Bg2 O-O 6. O-O cxd4 7. Nxd4 Nc6 8.
Nc3 Nxd4 9. Qxd4 d6 10. Qh4 Rb8 11. Bg5 Re8 12. Rac1 Qa5 13. a3 a6 14. Rfd1 Bd7
15. e4 b5 16. cxb5 axb5 17. Na2 Rec8 18. Nb4 Rxc1 19. Rxc1 Rc8 20. Qf4 Qb6 21.
Rxc8+ Bxc8 22. e5 dxe5 23. Qd2 h6 24. Be3 Qd6 25. Qc1 Be6 26. Bc5 Qc7 27. Nc6
Bf8 28. Bb4 Kg7 29. Bc3 Nd7 30. Qe3 f6 31. Bb4 Qb6 32. Qd2 Qc7 33. Ba5 Qd6 34.
Nd8 Bc4 35. Qe1 Nc5 36. Nc6 Bd5 37. Bxd5 Qxd5 38. Nb4 Qe4 39. Qf1 Nb3 40. Qxb5
Nd2 41. Qd5 Qe1+ 0-1

[Event "Bayern-chTT (RL Nord-Ost)"]
[Site "Bayern 2008/09"]
[Date "2009.03.01"]
[Round "7.8"]
[White "Riexinger, Martin"]
[Black "Hirn, Erwin"]
[Result "0-1"]
[WhiteElo "1798"]
[BlackElo "2012"]
[PlyCount "44"]
[EventDate "2009.03.??"]
[EventType "team-tourn"]
[EventRounds "9"]
[WhiteTeam "Postbauer 1"]
[BlackTeam "Nürnberg-SW 1"]

1. d4 Nf6 2. c4 e6 3. Nc3 d5 4. Bg5 Be7 5. Nf3 O-O 6. e3 b6 7. Rc1 Bb7 8. Be2
Nbd7 9. O-O dxc4 10. Bxc4 c5 11. Bf4 Nh5 12. Bg3 Nxg3 13. hxg3 cxd4 14. Nxd4
Ne5 15. Bb3 Rc8 16. Qe2 Bc5 17. Rfd1 Qf6 18. Bc2 Rfd8 19. Ne4 Qh6 20. Nxc5 bxc5
21. Nb5 f5 22. Nd6 Ng4 0-1

[Event "Bayern-chTT (RL Nord-Ost)"]
[Site "Bayern 2008/09"]
[Date "2009.03.01"]
[Round "7.1"]
[White "Palek, Miroslav"]
[Black "Seyb, Alexander"]
[Result "1-0"]
[WhiteElo "2133"]
[BlackElo "2214"]
[PlyCount "113"]
[EventDate "2009.03.??"]
[EventType "team-tourn"]
[EventRounds "9"]
[WhiteTeam "Dietfurt 1"]
[BlackTeam "Großenseebach 1"]

1. e4 c5 2. Nf3 d6 3. d4 Nf6 4. Nc3 cxd4 5. Qxd4 Nc6 6. Bb5 Bd7 7. Bxc6 Bxc6 8.
Bg5 e6 9. O-O-O Be7 10. Rhe1 O-O 11. e5 dxe5 12. Qh4 Qc7 13. Nxe5 Rfe8 14. Rd3
Nd5 15. Nxd5 Bxd5 16. Rg3 Rac8 17. Re2 f5 18. Rc3 Bxg5+ 19. Qxg5 Qa5 20. Qe7 h6
21. Qf7+ Kh8 22. Rh3 Rxc2+ 23. Kxc2 Rc8+ 24. Rc3 Qa4+ 25. Kd2 Rxc3 26. Kxc3 Qd1
27. Qe8+ Kh7 28. Qg6+ Kg8 29. Qe8+ Kh7 30. Qb5 Qc1+ 31. Kb4 a6 32. Qc5 Qf4+ 33.
Ka3 b5 34. b3 Qxh2 35. g3 Qg1 36. Nd7 a5 37. Nf8+ Kg8 38. Nxe6 Bxe6 39. Rxe6
Qb1 40. Re8+ Kh7 41. Qxb5 Qc1+ 42. Ka4 Qc2 43. Re2 Qc8 44. Qc4 Qd7+ 45. Ka3
Qd6+ 46. Kb2 Qd1 47. g4 a4 48. gxf5 axb3 49. axb3 Qd6 50. Qg4 Qf6+ 51. Kb1 g5
52. fxg6+ Kg7 53. Qd7+ Kxg6 54. Qe6 Kh5 55. Qxf6 Kg4 56. Qf5+ Kxf5 57. b4 1-0

[Event "Bayern-chTT (RL Nord-Ost)"]
[Site "Bayern 2008/09"]
[Date "2009.03.01"]
[Round "7.2"]
[White "Linsenmeyer, Mario"]
[Black "Blodig, Reinhard"]
[Result "1-0"]
[WhiteElo "2099"]
[BlackElo "2067"]
[PlyCount "61"]
[EventDate "2009.03.??"]
[EventType "team-tourn"]
[EventRounds "9"]
[WhiteTeam "Großenseebach 1"]
[BlackTeam "Dietfurt 1"]

1. e4 d6 2. d4 g6 3. Nc3 Bg7 4. f4 Nf6 5. Nf3 c5 6. dxc5 Qa5 7. Qd4 O-O 8. cxd6
exd6 9. Qd2 Re8 10. Bd3 Nxe4 11. Nxe4 Qxd2+ 12. Kxd2 Nc6 13. Nxd6 Rd8 14. Nxc8
Raxc8 15. a3 Rd6 16. Rb1 Ne7 17. Ke2 Nd5 18. Rd1 Rb6 19. c4 Re6+ 20. Kf2 Nf6
21. Ne5 Ne8 22. Be3 b6 23. c5 Bxe5 24. fxe5 bxc5 25. Bf4 c4 26. Rbc1 Rec6 27.
Be4 Rb6 28. b4 c3 29. Be3 Re6 30. Rd5 Ra6 31. Ra5 1-0

[Event "Bayern-chTT (RL Nord-Ost)"]
[Site "Bayern 2008/09"]
[Date "2009.03.01"]
[Round "7.4"]
[White "Rosin, Ralf"]
[Black "Bader, Dominic"]
[Result "1/2-1/2"]
[WhiteElo "1990"]
[BlackElo "1932"]
[PlyCount "157"]
[EventDate "2009.03.??"]
[EventType "team-tourn"]
[EventRounds "9"]
[WhiteTeam "Großenseebach 1"]
[BlackTeam "Dietfurt 1"]

1. d4 Nf6 2. Bg5 g6 3. e3 Bg7 4. Bd3 c5 5. c3 O-O 6. Nd2 cxd4 7. exd4 e5 8.
dxe5 Re8 9. Ne2 Rxe5 10. Nf3 Re8 11. O-O d5 12. h3 Nc6 13. Ned4 Qb6 14. Qb3
Nxd4 15. Nxd4 Qxb3 16. axb3 Bd7 17. Rfe1 Ne4 18. Be3 Nc5 19. Bc2 Ne6 20. Nxe6
Rxe6 21. Red1 Bc6 22. b4 a6 23. Bb3 Rd8 24. Rd2 Red6 25. Rad1 Be5 26. Bb6 R8d7
27. Bc5 Bf4 28. Rd4 Be5 29. R4d3 Re6 30. Bxd5 Bxd5 31. Rxd5 Rxd5 32. Rxd5 Bf4
33. Kf1 Bc1 34. Bd4 Kf8 35. Rd8+ Ke7 36. Rb8 b5 37. Rb7+ Ke8 38. b3 Bd2 39. f3
Rc6 40. Bc5 Bxc3 41. Re7+ Kd8 42. Rxf7 h5 43. Rb7 Kc8 44. Re7 a5 45. Re4 a4 46.
bxa4 bxa4 47. Bf8 Bb2 48. b5 Rc1+ 49. Ke2 a3 50. Ra4 Rc2+ 51. Kd3 Rxg2 52. Bxa3
Bxa3 53. Rxa3 Rg3 54. Ke4 Rxh3 55. Kf4 Rh1 56. Ra7 Rg1 57. Ke3 h4 58. Kf2 Rg5
59. Rh7 Rxb5 60. Rxh4 Kd7 61. Re4 Kd6 62. Kg3 Re5 63. Ra4 Ke6 64. Kg4 Re1 65.
Kf4 Rg1 66. Ra6+ Kf7 67. Ke5 Re1+ 68. Kf4 Rg1 69. Rb6 Rg2 70. Rb1 Kf6 71. Ra1
Re2 72. Ra6+ Re6 73. Ra5 Rb6 74. Kg4 Re6 75. f4 Rb6 76. Ra8 Rb5 77. Ra6+ Kf7
78. Ra7+ Kf6 79. Ra6+ 1/2-1/2

[Event "Bayern-chTT (RL Nord-Ost)"]
[Site "Bayern 2008/09"]
[Date "2009.03.01"]
[Round "7.5"]
[White "Blodig, Carolin"]
[Black "Kirch, Daniel"]
[Result "0-1"]
[WhiteElo "1915"]
[BlackElo "1977"]
[PlyCount "82"]
[EventDate "2009.03.??"]
[EventType "team-tourn"]
[EventRounds "9"]
[WhiteTeam "Dietfurt 1"]
[BlackTeam "Großenseebach 1"]

1. e4 e5 2. Nf3 Nc6 3. d4 exd4 4. Nxd4 Nf6 5. Nxc6 bxc6 6. e5 Qe7 7. Qe2 Nd5 8.
c4 Nb6 9. b3 a5 10. Bd2 a4 11. b4 Qe6 12. Bc3 Ba6 13. Nd2 g6 14. Qe4 Bh6 15. f4
O-O 16. Bd3 d5 17. exd6 Qxd6 18. O-O Rad8 19. Be2 Rfe8 20. Qf3 Qxf4 21. Qxc6
Qe3+ 22. Kh1 Qxc3 23. Ne4 Rxe4 24. Qxe4 Bxc4 25. Qh4 Rd4 26. Qxh6 Bxe2 27. Rfe1
Qd2 28. Qh3 Bg4 29. Qg3 Qf4 30. Qc3 Nd5 31. Qc5 Ne3 32. Qc3 Re4 33. Rab1 Bf3
34. Rb2 Nxg2 35. Rxe4 Bxe4 36. Kg1 Ne3 37. Qe1 Qg4+ 38. Kf2 Nd1+ 39. Kf1 Bd3+
40. Re2 Qf3+ 41. Kg1 Bxe2 0-1

[Event "Bayern-chTT (RL Nord-Ost)"]
[Site "Bayern 2008/09"]
[Date "2009.03.01"]
[Round "7.6"]
[White "Hofmann, Benjamin(90)"]
[Black "Blodig, Christoph"]
[Result "1/2-1/2"]
[WhiteElo "1845"]
[BlackElo "1858"]
[PlyCount "68"]
[EventDate "2009.03.??"]
[EventType "team-tourn"]
[EventRounds "9"]
[WhiteTeam "Großenseebach 1"]
[BlackTeam "Dietfurt 1"]

1. e4 e5 2. Nf3 Nf6 3. d4 Nxe4 4. Nxe5 d6 5. Nf3 d5 6. Be3 Be7 7. Nbd2 Bf5 8.
Be2 O-O 9. O-O Nd7 10. Nxe4 dxe4 11. Nd2 Nf6 12. c4 c6 13. Qb3 Bd6 14. f4 exf3
15. Nxf3 Ng4 16. Rae1 Re8 17. Bf2 Qc7 18. g3 Nxf2 19. Rxf2 c5 20. d5 Re7 21.
Ng5 Bg6 22. Ref1 Be5 23. Nf3 Bf6 24. Bd3 Re3 25. Rd2 Be4 26. Bxe4 Rxb3 27. axb3
Re8 28. Re1 g6 29. Rde2 b5 30. Kg2 bxc4 31. bxc4 Bd4 32. Nxd4 cxd4 33. Bd3
Rxe2+ 34. Rxe2 Qd6 1/2-1/2

[Event "Bayern-chTT (RL Nord-Ost)"]
[Site "Bayern 2008/09"]
[Date "2009.03.01"]
[Round "7.7"]
[White "Bothe, Matthias"]
[Black "Kirch, Florian"]
[Result "0-1"]
[WhiteElo "1840"]
[BlackElo "1944"]
[PlyCount "96"]
[EventDate "2009.03.??"]
[EventType "team-tourn"]
[EventRounds "9"]
[WhiteTeam "Dietfurt 1"]
[BlackTeam "Großenseebach 1"]

1. c4 e5 2. Nc3 d6 3. Nf3 g6 4. g3 Bg7 5. Bg2 f5 6. O-O Nf6 7. d4 e4 8. Ne1 O-O
9. Bg5 h6 10. Bxf6 Qxf6 11. Nd5 Qd8 12. Rc1 c6 13. Nc3 Qb6 14. Nc2 Qxb2 15. Qd2
Qb6 16. f3 exf3 17. Rxf3 Nd7 18. Rb1 Qd8 19. e4 fxe4 20. Rxf8+ Nxf8 21. Nxe4
Qe7 22. Re1 Bf5 23. Qf4 Rd8 24. d5 cxd5 25. cxd5 Qc7 26. Qf2 Nd7 27. Nd4 Qb6
28. Nxf5 gxf5 29. Qxb6 Nxb6 30. Nf2 Kf7 31. Nd3 Re8 32. Rxe8 Kxe8 33. Nf4 Ke7
34. Kf2 Nc4 35. Bh3 Bd4+ 36. Kg2 Kf6 37. Kf3 Ne5+ 38. Ke2 Ng4 39. Bxg4 fxg4 40.
h3 gxh3 41. Nxh3 Ke5 42. Nf4 Ke4 43. a4 Be5 44. Nh5 Kxd5 45. Kd3 Ke6 46. g4 d5
47. Ke3 b6 48. Kd3 a6 0-1

[Event "Bayern-chTT (RL Nord-Ost)"]
[Site "Bayern 2008/09"]
[Date "2009.03.01"]
[Round "7.8"]
[White "Quaschner, Tobias"]
[Black "Egert, Stefan"]
[Result "1/2-1/2"]
[WhiteElo "1926"]
[BlackElo "1799"]
[PlyCount "105"]
[EventDate "2009.03.??"]
[EventType "team-tourn"]
[EventRounds "9"]
[WhiteTeam "Großenseebach 1"]
[BlackTeam "Dietfurt 1"]

1. e4 e5 2. Nf3 Nc6 3. Bc4 Nf6 4. d3 Bc5 5. c3 O-O 6. O-O Bb6 7. Bb3 d6 8. Re1
Bg4 9. Nbd2 a6 10. h3 Bh5 11. Nf1 h6 12. Ng3 Bg6 13. Be3 Bxe3 14. Rxe3 Re8 15.
Nh4 Bh7 16. Nhf5 Ne7 17. Rf3 Ng6 18. Qd2 Nf4 19. Re1 d5 20. Rxf4 exf4 21. Qxf4
Bg6 22. Re3 Re6 23. h4 h5 24. exd5 Rxe3 25. fxe3 Kh7 26. e4 a5 27. c4 Ra6 28.
Bd1 Rb6 29. b3 a4 30. e5 Ng4 31. Bxg4 hxg4 32. Qxg4 axb3 33. axb3 Rxb3 34. h5
Bxf5 35. Qxf5+ Kg8 36. e6 Rb1+ 37. Kf2 fxe6 38. Qxe6+ Kh8 39. Nf5 Qg5 40. Qe8+
Kh7 41. Qg6+ Qxg6 42. hxg6+ Kxg6 43. Nd4 Rb2+ 44. Ke3 Kf6 45. g3 Rb1 46. Ne6 c6
47. Kd4 Rd1 48. Nc5 cxd5 49. Kxd5 Ke7 50. d4 Rb1 51. Ne4 Kd7 52. c5 Rb3 53. g4
1/2-1/2

[Event "Bayern-chTT (RL Nord-Ost)"]
[Site "Bayern 2008/09"]
[Date "2009.03.15"]
[Round "8.1"]
[White "Illetsko, Jaroslav"]
[Black "Albrecht, Hans(57)"]
[Result "1/2-1/2"]
[WhiteElo "2120"]
[BlackElo "2091"]
[PlyCount "160"]
[EventDate "2009.03.??"]
[EventType "team-tourn"]
[EventRounds "9"]
[WhiteTeam "Windischeschenbach 1"]
[BlackTeam "Altensittenbach 1"]

1. e4 e6 2. d4 d5 3. Nd2 c5 4. exd5 Qxd5 5. Ngf3 cxd4 6. Bc4 Qd6 7. O-O Nf6 8.
Nb3 Nc6 9. Nbxd4 Nxd4 10. Nxd4 a6 11. c3 Qc7 12. Bb3 Bd6 13. h3 Bh2+ 14. Kh1
Bf4 15. Qf3 Bxc1 16. Raxc1 O-O 17. Rfe1 Bd7 18. Qe3 Rad8 19. Rcd1 Bc8 20. Qe5
Qxe5 21. Rxe5 Rd6 22. f4 g6 23. Kh2 h5 24. g3 Rfd8 25. Rde1 b6 26. Kg1 Kh7 27.
Kf2 Bb7 28. R1e2 Nd5 29. Bc2 Kg8 30. Be4 Ba8 31. a3 h4 32. Bf3 hxg3+ 33. Kxg3
Ne7 34. Bxa8 Rxa8 35. a4 Kg7 36. a5 bxa5 37. Rxa5 Nf5+ 38. Nxf5+ gxf5 39. Rae5
Kf6 40. R5e3 a5 41. b4 Rb6 42. Ra2 Rg8+ 43. Kf3 axb4 44. Rb2 Rgb8 45. cxb4 Rxb4
46. Rxb4 Rxb4 47. Ra3 Rb7 48. Kg3 Kg6 49. Re3 Kh5 50. Ra3 Rb8 51. Ra7 Rb3+ 52.
Kg2 Kg6 53. Re7 Re3 54. h4 f6 55. Kf2 Re4 56. Kf3 e5 57. fxe5 fxe5 58. Re6+ Kf7
59. Rb6 Ra4 60. h5 Ra3+ 61. Kg2 Ra8 62. Rd6 Rg8+ 63. Kf3 Rg4 64. h6 e4+ 65. Ke3
Rh4 66. Ra6 Kg8 67. Rf6 Rh5 68. Kf4 Kh7 69. Re6 Rxh6 70. Re7+ Kg6 71. Re6+ Kg7
72. Re8 Kf7 73. Ra8 Rf6 74. Ra1 Kf8 75. Ra7 Rf7 76. Ra8+ Ke7 77. Ra6 Rf6 78.
Ra7+ Ke6 79. Ra6+ Kf7 80. Ra1 Kg7 1/2-1/2

[Event "Bayern-chTT (RL Nord-Ost)"]
[Site "Bayern 2008/09"]
[Date "2009.03.15"]
[Round "8.2"]
[White "Roeder, Frank"]
[Black "Mueller, Christian(72)"]
[Result "1/2-1/2"]
[WhiteElo "2153"]
[BlackElo "2061"]
[PlyCount "25"]
[EventDate "2009.03.??"]
[EventType "team-tourn"]
[EventRounds "9"]
[WhiteTeam "Altensittenbach 1"]
[BlackTeam "Windischeschenbach 1"]

1. e4 d5 2. exd5 Qxd5 3. Nc3 Qa5 4. Nf3 Nf6 5. g3 g6 6. Bg2 Bg7 7. O-O O-O 8.
Re1 Nc6 9. d3 Qh5 10. Ng5 Qxd1 11. Rxd1 Nd4 12. Bf4 c6 13. Rd2 1/2-1/2

[Event "Bayern-chTT (RL Nord-Ost)"]
[Site "Bayern 2008/09"]
[Date "2009.03.15"]
[Round "8.3"]
[White "Kalous, Miroslav"]
[Black "Roeder, Gerd Dr"]
[Result "0-1"]
[WhiteElo "2060"]
[BlackElo "2209"]
[PlyCount "62"]
[EventDate "2009.03.??"]
[EventType "team-tourn"]
[EventRounds "9"]
[WhiteTeam "Windischeschenbach 1"]
[BlackTeam "Altensittenbach 1"]

1. d4 c5 2. e3 g6 3. Nf3 Bg7 4. Bd3 d6 5. c3 Nd7 6. Nbd2 Ngf6 7. e4 cxd4 8.
cxd4 O-O 9. O-O b6 10. Re1 Bb7 11. Nf1 e5 12. d5 Nc5 13. Bc2 a5 14. Ng3 h6 15.
h4 Bc8 16. Bd2 Bg4 17. Qb1 Nfd7 18. b4 axb4 19. Qxb4 Bxf3 20. gxf3 Qxh4 21. Kg2
Qd8 22. Rh1 h5 23. a3 f6 24. Rag1 Kf7 25. a4 Rh8 26. f4 exf4 27. Bxf4 Ne5 28.
Bd2 h4 29. Ne2 Qd7 30. f3 h3+ 31. Kg3 h2 0-1

[Event "Bayern-chTT (RL Nord-Ost)"]
[Site "Bayern 2008/09"]
[Date "2009.03.15"]
[Round "8.4"]
[White "Wallinger, Manfred"]
[Black "Zant, Juergen"]
[Result "1/2-1/2"]
[WhiteElo "2142"]
[BlackElo "1978"]
[PlyCount "116"]
[EventDate "2009.03.??"]
[EventType "team-tourn"]
[EventRounds "9"]
[WhiteTeam "Altensittenbach 1"]
[BlackTeam "Windischeschenbach 1"]

1. d4 Nf6 2. c4 e6 3. Nc3 d5 4. cxd5 exd5 5. Bg5 Be7 6. Qc2 c6 7. e3 Bg4 8. Bd3
Nbd7 9. h3 Be6 10. Nf3 g6 11. Bh6 Bf8 12. Bf4 Nh5 13. O-O Nxf4 14. exf4 Qf6 15.
Ne2 Bd6 16. Ne5 Qh4 17. Rfe1 Nxe5 18. fxe5 Bb4 19. Rf1 Ba5 20. b4 Bxb4 21. Rfb1
Qe7 22. Qa4 a5 23. Qb3 O-O 24. a3 c5 25. Bb5 Bd2 26. f4 cxd4 27. Bd3 Qh4 28.
Rf1 f5 29. Qxb7 Rab8 30. Qc6 Qe7 31. Kh2 Rfc8 32. Qa4 Qa7 33. Qxd4 Be3 34. Qxa7
Bxa7 35. Rab1 Bc5 36. a4 Rb4 37. Bb5 Kf7 38. Kg3 Re4 39. Rfc1 Re3+ 40. Kh2 g5
41. Ba6 Rc7 42. Nd4 gxf4 43. Nb5 Rc6 44. Bb7 Rb6 45. Rxc5 Rxe5 46. Rc7+ Kg6 47.
Rbc1 Re4 48. Bc6 Kg5 49. Rxh7 f3 50. gxf3 Re2+ 51. Kg1 Rd2 52. Re7 Bc8 53. Kf1
Rh2 54. Ree1 Kf4 55. Bxd5 Bb7 56. Nc3 Bxd5 57. Nxd5+ Kg3 58. Nxb6 Rf2+ 1/2-1/2

[Event "Bayern-chTT (RL Nord-Ost)"]
[Site "Bayern 2008/09"]
[Date "2009.03.15"]
[Round "8.5"]
[White "Laubert, Johannes"]
[Black "Auer, Guenther(68)"]
[Result "1/2-1/2"]
[WhiteElo "2062"]
[BlackElo "2017"]
[PlyCount "32"]
[EventDate "2009.03.??"]
[EventType "team-tourn"]
[EventRounds "9"]
[WhiteTeam "Windischeschenbach 1"]
[BlackTeam "Altensittenbach 1"]

1. e4 e6 2. d4 d5 3. Nd2 dxe4 4. Nxe4 Bd7 5. Nf3 Bc6 6. Bd3 Nd7 7. Qe2 Ngf6 8.
Bg5 Be7 9. Bxf6 Bxf6 10. O-O-O Qe7 11. h4 O-O-O 12. g4 Bxe4 13. Bxe4 Qd6 14.
Kb1 h6 15. Rd3 Nb6 16. Ra3 Kb8 1/2-1/2

[Event "Bayern-chTT (RL Nord-Ost)"]
[Site "Bayern 2008/09"]
[Date "2009.03.15"]
[Round "8.6"]
[White "Endres, Christian(90)"]
[Black "Kaeck, Ralf"]
[Result "1-0"]
[WhiteElo "2002"]
[BlackElo "1987"]
[PlyCount "55"]
[EventDate "2009.03.??"]
[EventType "team-tourn"]
[EventRounds "9"]
[WhiteTeam "Altensittenbach 1"]
[BlackTeam "Windischeschenbach 1"]

1. Nf3 f5 2. e4 fxe4 3. Ng5 d5 4. d3 Qd6 5. Nc3 e5 6. dxe4 d4 7. Nb5 Qb6 8. Bc4
Nf6 9. Nf7 a6 10. Nxh8 axb5 11. Bf7+ Ke7 12. Bg5 Be6 13. Qh5 Qa5+ 14. Kf1 Nbd7
15. Bxe6 Kxe6 16. Bxf6 Nxf6 17. Qf5+ Kd6 18. Nf7+ Ke7 19. Ng5 Ra6 20. Qxe5+ Kd7
21. Qf5+ Kd8 22. e5 Qd2 23. exf6 Rxf6 24. Qd5+ Kc8 25. Ne4 Qxc2 26. Nxf6 gxf6
27. Re1 Qd3+ 28. Kg1 1-0

[Event "Bayern-chTT (RL Nord-Ost)"]
[Site "Bayern 2008/09"]
[Date "2009.03.15"]
[Round "8.7"]
[White "Bloederl, Alfred"]
[Black "Ammon, Tobias"]
[Result "1-0"]
[WhiteElo "1977"]
[BlackElo "1945"]
[PlyCount "79"]
[EventDate "2009.03.??"]
[EventType "team-tourn"]
[EventRounds "9"]
[WhiteTeam "Windischeschenbach 1"]
[BlackTeam "Altensittenbach 1"]

1. c4 e5 2. g3 Nf6 3. Bg2 d5 4. cxd5 Nxd5 5. Nc3 Nb6 6. Nf3 Nc6 7. O-O Be7 8.
a3 O-O 9. b4 Be6 10. d3 f6 11. Bb2 Qd7 12. Ne4 Rfd8 13. Rc1 Rac8 14. Nc5 Bxc5
15. Rxc5 Qf7 16. Nd2 Bd5 17. f4 Bxg2 18. Kxg2 exf4 19. Rxf4 Rd5 20. Ne4 Rxc5
21. Nxc5 a5 22. e4 axb4 23. axb4 Nxb4 24. Qg4 h5 25. Qf5 Nc6 26. g4 hxg4 27.
Qxg4 Kh7 28. Qh3+ Kg8 29. Rh4 Qa2 30. Kg3 Kf7 31. Bxf6 Kxf6 32. Qf5+ Ke7 33.
Qg5+ Kf7 34. Rf4+ Kg8 35. Rg4 Qf7 36. Ne6 Rf8 37. Qxg7+ Qxg7 38. Rxg7+ Kh8 39.
Rxc7 Ne5 40. Nxf8 1-0

[Event "Bayern-chTT (RL Nord-Ost)"]
[Site "Bayern 2008/09"]
[Date "2009.03.15"]
[Round "8.8"]
[White "Roesel, Gert"]
[Black "Zimmermann, Andre(85)"]
[Result "0-1"]
[WhiteElo "1896"]
[BlackElo "1972"]
[PlyCount "92"]
[EventDate "2009.03.??"]
[EventType "team-tourn"]
[EventRounds "9"]
[WhiteTeam "Altensittenbach 1"]
[BlackTeam "Windischeschenbach 1"]

1. e4 e6 2. d4 d5 3. Nc3 Bb4 4. e5 c5 5. a3 Bxc3+ 6. bxc3 Ne7 7. Nf3 Qc7 8. Be2
Nbc6 9. O-O O-O 10. a4 f6 11. exf6 Rxf6 12. Bg5 Rf8 13. Bh4 Nf5 14. Bg3 Nxg3
15. hxg3 Qd6 16. Qd2 b6 17. Bb5 Ne7 18. Bd3 Bd7 19. Qg5 c4 20. Bxh7+ Kxh7 21.
Qh5+ Kg8 22. Ng5 Rf5 23. Qh7+ Kf8 24. Qh8+ Ng8 25. f4 Re8 26. Nh7+ Ke7 27.
Qxg7+ Kd8 28. g4 Qe7 29. Qxe7+ Rxe7 30. gxf5 Rxh7 31. fxe6 Bxe6 32. a5 b5 33.
Rae1 Bf5 34. Re5 Be4 35. Rf2 Nf6 36. Rg5 Kc7 37. Rg3 Kb7 38. f5 Ka6 39. Rg6 Rf7
40. g4 Kxa5 41. Rh2 b4 42. Rhh6 b3 43. cxb3 cxb3 44. Rh2 Rh7 45. Rxh7 Nxh7 46.
Rg7 b2 0-1

[Event "Bayern-chTT (RL Nord-Ost)"]
[Site "Bayern 2008/09"]
[Date "2009.03.15"]
[Round "8.1"]
[White "Seyb, Alexander"]
[Black "Van Ginkel, Pieter"]
[Result "1/2-1/2"]
[WhiteElo "2214"]
[BlackElo "2202"]
[PlyCount "30"]
[EventDate "2009.03.??"]
[EventType "team-tourn"]
[EventRounds "9"]
[WhiteTeam "Großenseebach 1"]
[BlackTeam "Nürnberg-SW 1"]

1. e4 c5 2. Nf3 e6 3. d4 cxd4 4. Nxd4 Nf6 5. Nc3 Nc6 6. Ndb5 d6 7. Bf4 e5 8.
Bg5 a6 9. Na3 b5 10. Nd5 Be7 11. Bxf6 Bxf6 12. c3 Bg5 13. Nc2 Rb8 14. a4 bxa4
15. Ncb4 Bd7 1/2-1/2

[Event "Bayern-chTT (RL Nord-Ost)"]
[Site "Bayern 2008/09"]
[Date "2009.03.15"]
[Round "8.3"]
[White "Seyb, Dieter"]
[Black "Stiller, Juergen"]
[Result "1/2-1/2"]
[WhiteElo "2239"]
[BlackElo "2158"]
[PlyCount "26"]
[EventDate "2009.03.??"]
[EventType "team-tourn"]
[EventRounds "9"]
[WhiteTeam "Großenseebach 1"]
[BlackTeam "Nürnberg-SW 1"]

1. e4 c6 2. Nc3 d5 3. d4 dxe4 4. Nxe4 Bf5 5. Ng3 Bg6 6. h4 h6 7. h5 Bh7 8. Nf3
Nf6 9. Bd3 Bxd3 10. Qxd3 e6 11. c4 Nbd7 12. Bd2 Be7 13. O-O-O Qc7 1/2-1/2

[Event "Bayern-chTT (RL Nord-Ost)"]
[Site "Bayern 2008/09"]
[Date "2009.03.15"]
[Round "8.5"]
[White "Kirch, Daniel"]
[Black "Meulner, Klaus"]
[Result "1/2-1/2"]
[WhiteElo "1977"]
[BlackElo "2069"]
[PlyCount "20"]
[EventDate "2009.03.??"]
[EventType "team-tourn"]
[EventRounds "9"]
[WhiteTeam "Großenseebach 1"]
[BlackTeam "Nürnberg-SW 1"]

1. d4 d6 2. c4 e5 3. dxe5 dxe5 4. Qxd8+ Kxd8 5. Nf3 f6 6. Nc3 Be6 7. e3 c6 8.
Bd2 Nd7 9. O-O-O Nh6 10. h3 Kc7 1/2-1/2